<?xml version="1.0" encoding="UTF-8"?><?xml-stylesheet type="text/xsl" href="static/style.xsl"?><OAI-PMH xmlns="http://www.openarchives.org/OAI/2.0/" xmlns:xsi="http://www.w3.org/2001/XMLSchema-instance" xsi:schemaLocation="http://www.openarchives.org/OAI/2.0/ http://www.openarchives.org/OAI/2.0/OAI-PMH.xsd"><responseDate>2026-04-14T04:58:30Z</responseDate><request verb="GetRecord" identifier="oai:www.recercat.cat:10459.1/69386" metadataPrefix="marc">https://recercat.cat/oai/request</request><GetRecord><record><header><identifier>oai:recercat.cat:10459.1/69386</identifier><datestamp>2024-12-05T22:39:07Z</datestamp><setSpec>com_2072_3622</setSpec><setSpec>col_2072_479130</setSpec></header><metadata><record xmlns="http://www.loc.gov/MARC21/slim" xmlns:dcterms="http://purl.org/dc/terms/" xmlns:xsi="http://www.w3.org/2001/XMLSchema-instance" xmlns:doc="http://www.lyncode.com/xoai" xsi:schemaLocation="http://www.loc.gov/MARC21/slim http://www.loc.gov/standards/marcxml/schema/MARC21slim.xsd">
   <leader>00925njm 22002777a 4500</leader>
   <datafield ind2=" " ind1=" " tag="042">
      <subfield code="a">dc</subfield>
   </datafield>
   <datafield ind2=" " ind1=" " tag="720">
      <subfield code="a">Salvia Trujillo, Laura</subfield>
      <subfield code="e">author</subfield>
   </datafield>
   <datafield ind2=" " ind1=" " tag="720">
      <subfield code="a">Morales-de la Peña, Mariana</subfield>
      <subfield code="e">author</subfield>
   </datafield>
   <datafield ind2=" " ind1=" " tag="720">
      <subfield code="a">Rojas Grau, María Alejandra</subfield>
      <subfield code="e">author</subfield>
   </datafield>
   <datafield ind2=" " ind1=" " tag="720">
      <subfield code="a">Welti-Chanes, Jorge</subfield>
      <subfield code="e">author</subfield>
   </datafield>
   <datafield ind2=" " ind1=" " tag="720">
      <subfield code="a">Martín Belloso, Olga</subfield>
      <subfield code="e">author</subfield>
   </datafield>
   <datafield ind2=" " ind1=" " tag="260">
      <subfield code="c">2020-07-28T09:36:15Z</subfield>
   </datafield>
   <datafield ind2=" " ind1=" " tag="260">
      <subfield code="c">2020-07-28T09:36:15Z</subfield>
   </datafield>
   <datafield ind2=" " ind1=" " tag="260">
      <subfield code="c">2017</subfield>
   </datafield>
   <datafield ind2=" " ind1=" " tag="260">
      <subfield code="c">2020-07-28T09:36:15Z</subfield>
   </datafield>
   <datafield ind2=" " ind1=" " tag="520">
      <subfield code="a">The influence of High Intensity Pulsed Electric Fields (HIPEF) or Thermal Treatment (TT) on minerals and fatty acids of fruit juice-whole (FJ-WM) or skimmed milk (FJ-SM) beverages was assessed after processing and during chilled storage. Mineral profile of both beverages was characterized by Ca, Zn, Fe, Mg, Cu, and Mn; being Ca the macroelement detected at the highest concentration (3.06-3.17mg/100 mL). Neither HIPEF nor TT significantly affected mineral concentration of the beverages, except Fe, which augmented after HIPEF (300%) or TT (43%). During storage (56 days), mineral content in both bevearges remained highly stable, regardless of the treatment applied. 11 fatty acids were identified in untreated and processed FJ-WM beverages. Palmitic acid was detected at highest concentration (21.83-24.37 mg/100 g of fat). Immediately after HIPEF or TT, most fatty acids remained with no significant changes, only linoleic acid increased (20%) in HIPEF treated beverage. Fatty acid content of HIPEF treated FJ-WM beverages was kept constant along storage; only palmitic, linoleic and linolenic acids showed lower concentrations (12-20%) at day 56. Conversely, the concentration of most fatty acids in the heated beverage underwent a significant reduction (7-19%) with time, except palmitic acid, which remained constant. HIPEF can be considered as a potential alternative to conventional pasteurization to obtain stable mixed beverages with significant concentrations of health-related compounds.</subfield>
   </datafield>
   <datafield ind2=" " ind1=" " tag="520">
      <subfield code="a">This study was supported by the Ministerio de Ciencia e Innovación throughout the project AGL2006-12758-C02-02. L. Salvia-Trujillo and M. Morales-de la Peña thanks the Agència de Gestió d’Ajuts Universitaris i de Recerca (Catalonia, Spain) and Tecnológico de Monterrey, Mexico for the predoctoral and postdoctoral Research Funds. ICREA Academia Award is also acknowledged by Olga Martín-Belloso.</subfield>
   </datafield>
   <datafield ind1="8" ind2=" " tag="024">
      <subfield code="a">http://hdl.handle.net/10459.1/69386</subfield>
   </datafield>
   <datafield tag="653" ind2=" " ind1=" ">
      <subfield code="a">Thermal treatment</subfield>
   </datafield>
   <datafield tag="653" ind2=" " ind1=" ">
      <subfield code="a">Mixed beverages</subfield>
   </datafield>
   <datafield tag="653" ind2=" " ind1=" ">
      <subfield code="a">Fatty acids</subfield>
   </datafield>
   <datafield tag="653" ind2=" " ind1=" ">
      <subfield code="a">Minerals</subfield>
   </datafield>
   <datafield ind2="0" ind1="0" tag="245">
      <subfield code="a">Mineral and fatty acid profile of high intensity pulsed electric fields or thermally treated fruit juice-milk beverages stored under refrigeration</subfield>
   </datafield>
</record></metadata></record></GetRecord></OAI-PMH>